[Event "Blankenese op 3rd"]
[Site "Hamburg"]
[Date "2019.10.06"]
[Round "7"]
[White "Meyer Dunker, Paul"]
[Black "Abdurrahman, Emhmed"]
[Result "1-0"]
[WhiteElo "2129"]
[BlackElo "1892"]
[PlyCount "98"]
[EventDate "2019.10.03"]
[EventType "swiss"]
[EventRounds "7"]
[EventCountry "GER"]
[SourceTitle "EXT 2023"]
[Source "ChessBase"]
[SourceDate "2022.10.05"]
[SourceVersion "1"]
[SourceVersionDate "2022.10.05"]
[SourceQuality "1"]

1. e4 c5 2. c3 Nc6 3. d4 cxd4 4. cxd4 d5 5. e5 e6 6. Be3 Nge7 7. Nf3 Nf5 8. Nc3 Bb4 9. Rc1 Bxc3+ 10. bxc3 Nxe3 11. fxe3 0-0 12. Bd3 b6 13. 0-0 a5 14. Qc2 g6 15. Qe2 Bb7 16. h4 Ne7 17. Ng5 Nf5 18. Bxf5 exf5 19. Rxf5 h6 20. Rf6 hxg5 21. hxg5 Ba6 22. Qf3 Kg7 23. Rb1 Rb8 24. Rb2 Bd3 25. Qf4 Bf5 26. Rd6 Qc7 27. g4 Qxc3 28. Rf2 Rh8 29. gxf5 Rh3 30. Kg2 Qxe3 31. Qxe3 Rxe3 32. fxg6 fxg6 33. Rd7+ Kg8 34. Rxd5 Rc8 35. Rd6 Kg7 36. Rxb6 Rcc3 37. Rb7+ Kg8 38. Rbf7 Rg3+ 39. Kf1 Rc1+ 40. Ke2 Rc2+ 41. Ke1 Rg1+ 42. Rf1 Rxf1+ 43. Rxf1 Rxa2 44. Rf6 Kg7 45. e6 Rb2 46. e7 Rb8 47. d5 a4 48. d6 a3 49. d7 a2 1-0

[Event "Blankenese op 3rd"]
[Site "Hamburg"]
[Date "2019.10.04"]
[Round "3"]
[White "Abdurrahman, Emhmed"]
[Black "Floren, Dieter"]
[Result "1-0"]
[WhiteElo "1892"]
[BlackElo "1601"]
[PlyCount "103"]
[EventDate "2019.10.03"]
[EventType "swiss"]
[EventRounds "7"]
[EventCountry "GER"]
[SourceTitle "EXT 2023"]
[Source "ChessBase"]
[SourceDate "2022.10.05"]
[SourceVersion "1"]
[SourceVersionDate "2022.10.05"]
[SourceQuality "1"]

1. d4 Nf6 2. c4 c5 3. e3 g6 4. Nf3 Bg7 5. Be2 b6 6. 0-0 Bb7 7. d5 0-0 8. Nc3 d6 9. Qc2 Na6 10. a3 Nc7 11. b3 b5 12. Bb2 a6 13. Nd2 e6 14. e4 exd5 15. exd5 Re8 16. Rfe1 Rb8 17. Bd3 Rxe1+ 18. Rxe1 bxc4 19. bxc4 Bc8 20. h3 Nh5 21. Nd1 Nf4 22. Bxg7 Nxd3 23. Qxd3 Kxg7 24. Qc3+ f6 25. Ne4 Kf7 26. Qe3 Bf5 27. Ng3 Bc2 28. Qh6 Qh8 29. Ne3 Bd3 30. Qf4 Qd8 31. h4 Rb3 32. Ng4 Rb1 33. Rxb1 Bxb1 34. Qc1 Bd3 35. Qc3 Bb1 36. Qb3 Bf5 37. Nh6+ Kf8 38. Ngxf5 gxf5 39. Nxf5 Qe8 40. Qg3 Qe1+ 41. Kh2 Qe5 42. Nxd6 Qxg3+ 43. Kxg3 Na8 44. Kf4 Nb6 45. Ke4 Ke7 46. Nf5+ Kd7 47. Ne3 Ke7 48. g4 Kd6 49. f4 Ke7 50. Nf5+ Kf7 51. Kd3 a5 52. Nd6+ 1-0

[Event "Harburg-chA 14th"]
[Site "Hamburg"]
[Date "2019.07.28"]
[Round "4.3"]
[White "Lehmkuhl, Stefan"]
[Black "Abdurrahman, Emhmed"]
[Result "0-1"]
[WhiteElo "1871"]
[BlackElo "1901"]
[PlyCount "71"]
[EventDate "2019.07.26"]
[EventType "tourn"]
[EventRounds "5"]
[EventCountry "GER"]
[SourceTitle "EXT 2020"]
[Source "ChessBase"]
[SourceDate "2019.10.17"]
[SourceVersion "1"]
[SourceVersionDate "2019.10.17"]
[SourceQuality "1"]

1. d4 d5 2. e3 Nf6 3. f4 Bg4 4. Be2 Bxe2 5. Qxe2 c6 6. Nf3 Nbd7 7. 0-0 Ne4 8. Nbd2 Ndf6 9. Nxe4 Nxe4 10. Ne5 e6 11. c3 Be7 12. Bd2 0-0 13. Rad1 f6 14. Nf3 f5 15. Be1 Bf6 16. Nd2 Nxd2 17. Qxd2 Qe7 18. Qe2 c5 19. Kh1 c4 20. Rg1 g6 21. g4 b5 22. Rg2 Qd7 23. Bd2 Be7 24. Rdg1 Kf7 25. h4 Rg8 26. Rh2 Rg7 27. h5 gxh5 28. Rxh5 fxg4 29. Rxg4 Rag8 30. Rxg7+ Rxg7 31. Qh2 Kg8 32. Qh3 Bf6 33. Be1 Qf7 34. Bf2 Rg6 35. f5 Rg5 36. fxe6 0-1